[Event "d12b"]
[Site "?"]
[Date "2020.08.30"]
[Round "10.3"]
[White "Popczynska, Maja"]
[Black "Wojs, Alicja"]
[Result "0-1"]
[BlackElo "1285"]
[WhiteElo "1129"]
[LiveChessVersion "1.4.8"]

1. e4 {[%clk 0:03:03]} e6 {[%clk 0:03:04]} 2. d4 {[%clk 0:03:04]} d5
{[%clk 0:03:05]} 3. Nd2 {[%clk 0:03:05]} a6 {[%clk 0:03:06]} 4. Ngf3
{[%clk 0:03:00]} c5 {[%clk 0:03:07]} 5. c3 {[%clk 0:03:00]} Nc6 {[%clk 0:03:06]}
6. Bd3 {[%clk 0:02:50]} cxd4 {[%clk 0:03:06]} 7. cxd4 {[%clk 0:02:49]} dxe4
{[%clk 0:03:06]} 8. Nxe4 {[%clk 0:02:40]} Bb4+ {[%clk 0:03:05]} 9. Nc3
{[%clk 0:02:30]} Nf6 {[%clk 0:03:05]} 10. Be3 {[%clk 0:02:25]} Nd5
{[%clk 0:03:00]} 11. Rc1 {[%clk 0:02:09]} O-O {[%clk 0:02:58]} 12. O-O
{[%clk 0:02:09]} Nf6 {[%clk 0:02:50]} 13. a3 {[%clk 0:02:08]} Bd6
{[%clk 0:02:47]} 14. Re1 {[%clk 0:02:02]} Bd7 {[%clk 0:02:43]} 15. Ne4
{[%clk 0:01:50]} Nxe4 {[%clk 0:02:31]} 16. Bxe4 {[%clk 0:01:50]} h6
{[%clk 0:02:28]} 17. d5 {[%clk 0:01:40]} exd5 {[%clk 0:02:28]} 18. Bxd5
{[%clk 0:01:34]} Qf6 {[%clk 0:02:18]} 19. Bd4 {[%clk 0:01:11]} Nxd4
{[%clk 0:02:17]} 20. Qxd4 {[%clk 0:01:10]} Qxd4 {[%clk 0:02:07]} 21. Nxd4
{[%clk 0:01:11]} Rab8 {[%clk 0:02:03]} 22. Bf3 {[%clk 0:01:02]} b5
{[%clk 0:01:47]} 23. Nb3 {[%clk 0:00:56]} Rbc8 {[%clk 0:01:48]} 24. Rcd1
{[%clk 0:00:52]} Be6 {[%clk 0:01:45]} 25. Rxd6 {[%clk 0:00:30]} Bxb3
{[%clk 0:01:46]} 26. Rxa6 {[%clk 0:00:30]} Rc2 {[%clk 0:01:43]} 27. Rb1
{[%clk 0:00:28]} Rfc8 {[%clk 0:01:41]} 28. h3 {[%clk 0:00:27]} Ba2
{[%clk 0:01:29]} 29. Re1 {[%clk 0:00:14]} Rxb2 {[%clk 0:01:27]} 30. Re2
{[%clk 0:00:12]} Rxe2 {[%clk 0:01:13]} 31. Bxe2 {[%clk 0:00:13]} Bc4
{[%clk 0:01:13]} 32. Bxc4 {[%clk 0:00:14]} bxc4 {[%clk 0:01:13]} 33. Rd6
{[%clk 0:00:12]} c3 {[%clk 0:01:15]} 34. Rd1 {[%clk 0:00:12]} c2 {[%clk 0:01:13]}
35. Rc1 {[%clk 0:00:14]} Kf8 {[%clk 0:01:14]} 36. Kf1 {[%clk 0:00:15]} Ke7
{[%clk 0:01:15]} 37. Ke2 {[%clk 0:00:16]} Kd6 {[%clk 0:01:13]} 38. Kd3
{[%clk 0:00:17]} Ra8 {[%clk 0:01:12]} 39. Kxc2 {[%clk 0:00:14]} Rxa3
{[%clk 0:01:13]} 40. Rd1+ {[%clk 0:00:14]} Ke6 {[%clk 0:01:14]} 41. Kd2
{[%clk 0:00:14]} f5 {[%clk 0:02:05]} 42. Re1+ {[%clk 0:00:13]} Kf6
{[%clk 0:02:06]} 43. Ke2 {[%clk 0:00:11]} g5 {[%clk 0:02:07]} 44. Kf1
{[%clk 0:00:10]} h5 {[%clk 0:02:07]} 45. Re3 {[%clk 0:00:08]} Rxe3
{[%clk 0:02:05]} 46. fxe3 {[%clk 0:00:09]} Ke5 {[%clk 0:02:06]} 47. Kf2
{[%clk 0:00:10]} Ke4 {[%clk 0:02:08]} 48. g3 {[%clk 0:00:10]} h4 {[%clk 0:01:59]}
49. g4 {[%clk 0:00:06]} f4 {[%clk 0:01:55]} 50. exf4 {[%clk 0:00:07]} Kxf4
{[%clk 0:01:56]} 51. Kg2 {[%clk 0:00:07]} Ke3 {[%clk 0:01:57]} 52. Kh1
{[%clk 0:00:07]} Kf2 {[%clk 0:01:58]} 53. Kg1+ {[%clk 0:00:08]} Kg3 54. Kh1
{[%clk 0:00:09]} Kxh3 {[%clk 0:01:59]} 55. Kg2+ {[%clk 0:00:11]} Kxg4
{[%clk 0:01:59]} 56. Kg1 {[%clk 0:00:13]} 0-1

[Event "d12b"]
[Site "?"]
[Date "2020.08.30"]
[Round "10.4"]
[White "Natoli, Alessia"]
[Black "Sliwicka, Weronika"]
[Result "1/2-1/2"]
[BlackElo "1184"]
[WhiteElo "1302"]
[LiveChessVersion "1.4.8"]

1. e4 {[%clk 0:03:03]} c5 {[%clk 0:03:03]} 2. Nf3 {[%clk 0:03:03]} e6
{[%clk 0:03:04]} 3. d4 {[%clk 0:03:03]} cxd4 {[%clk 0:03:05]} 4. Nxd4
{[%clk 0:03:04]} Nc6 {[%clk 0:03:06]} 5. Nxc6 {[%clk 0:02:53]} bxc6
{[%clk 0:03:07]} 6. Nc3 {[%clk 0:02:52]} Nf6 {[%clk 0:03:07]} 7. a3
{[%clk 0:02:53]} Qc7 {[%clk 0:02:52]} 8. Bc4 {[%clk 0:02:45]} Bc5
{[%clk 0:02:52]} 9. O-O {[%clk 0:02:45]} O-O {[%clk 0:02:52]} 10. Qe2
{[%clk 0:02:39]} h6 {[%clk 0:02:51]} 11. Be3 {[%clk 0:02:29]} Bb6
{[%clk 0:02:49]} 12. h3 {[%clk 0:02:29]} Qb7 {[%clk 0:02:40]} 13. Bxb6
{[%clk 0:02:25]} Qxb6 {[%clk 0:02:40]} 14. Bb3 {[%clk 0:02:26]} Ba6
{[%clk 0:02:39]} 15. Qf3 {[%clk 0:02:11]} Bxf1 {[%clk 0:02:38]} 16. Rxf1
{[%clk 0:02:11]} a5 {[%clk 0:02:22]} 17. Rd1 {[%clk 0:02:08]} Qc7
{[%clk 0:02:23]} 18. Na4 {[%clk 0:01:59]} Rfb8 {[%clk 0:02:00]} 19. Nc5
{[%clk 0:01:52]} Qa7 {[%clk 0:01:54]} 20. Qe3 {[%clk 0:01:37]} Rb5
{[%clk 0:01:51]} 21. Na4 {[%clk 0:01:24]} Qxe3 {[%clk 0:01:52]} 22. fxe3
{[%clk 0:01:24]} Nxe4 {[%clk 0:01:51]} 23. Rxd7 {[%clk 0:01:22]} Nc5
{[%clk 0:01:44]} 24. Rc7 {[%clk 0:01:09]} Nxb3 {[%clk 0:01:42]} 25. cxb3
{[%clk 0:01:08]} Rxb3 {[%clk 0:01:41]} 26. Rxc6 {[%clk 0:01:08]} Rxe3
{[%clk 0:01:41]} 27. Kf2 {[%clk 0:01:05]} Rb3 {[%clk 0:01:41]} 28. Rc4
{[%clk 0:01:03]} Rb7 {[%clk 0:01:37]} 29. Ke2 {[%clk 0:01:02]} Kf8
{[%clk 0:01:37]} 30. Kd3 {[%clk 0:01:00]} Ke7 {[%clk 0:01:38]} 31. Kc3
{[%clk 0:00:58]} Kd6 {[%clk 0:01:36]} 32. Kd3 {[%clk 0:00:51]} Rb3+
{[%clk 0:01:37]} 33. Kc2 {[%clk 0:00:49]} Rg3 {[%clk 0:01:35]} 34. Rg4
{[%clk 0:00:45]} Rxg4 {[%clk 0:01:36]} 35. hxg4 {[%clk 0:00:46]} Kc6
{[%clk 0:01:37]} 36. Kc3 {[%clk 0:00:46]} Kb5 {[%clk 0:01:38]} 37. b3
{[%clk 0:00:45]} Rc8+ {[%clk 0:01:39]} 38. Kb2 {[%clk 0:00:45]} e5
{[%clk 0:01:37]} 39. Nc3+ {[%clk 0:00:44]} Kb6 {[%clk 0:01:38]} 40. Kc2
{[%clk 0:00:40]} e4 {[%clk 0:01:38]} 41. Kd2 {[%clk 0:00:39]} e3+
{[%clk 0:01:39]} 42. Kd3 {[%clk 0:00:35]} Re8 {[%clk 0:01:36]} 43. Nd5+
{[%clk 0:00:36]} Kc5 {[%clk 0:01:36]} 44. Nxe3 {[%clk 0:00:37]} Rb8
{[%clk 0:01:33]} 45. Kc3 {[%clk 0:00:36]} Kc6 {[%clk 0:01:32]} 46. Nc4
{[%clk 0:00:37]} Kb5 {[%clk 0:01:08]} 47. Nd6+ {[%clk 0:00:35]} Kb6
{[%clk 0:01:08]} 48. Nxf7 {[%clk 0:00:36]} Rf8 {[%clk 0:01:09]} 49. Nd6
{[%clk 0:00:36]} Rf2 {[%clk 0:01:09]} 50. Nc4+ {[%clk 0:00:37]} 1/2-1/2

[Event "d12b"]
[Site "?"]
[Date "2020.08.30"]
[Round "10.5"]
[White "Sprzeczka, Emilia"]
[Black "Ziobrowska, Maja"]
[Result "1/2-1/2"]
[BlackElo "1266"]
[WhiteElo "1177"]
[LiveChessVersion "1.4.8"]

1. e4 e5 2. Nf3 Nc6 3. d4 exd4 4. Nxd4 Bc5 5. Be3 Bxd4 6. Bxd4 Nxd4 7. Qxd4 Qf6
8. c3 d6 9. Bc4 Be6 10. Bb3 Qxd4 11. cxd4 Bxb3 12. axb3 Nf6 13. Nc3 Kd7 14. O-O-O
Rhe8 15. e5 Ng4 16. Rd2 Rad8 17. Rhd1 dxe5 18. dxe5+ Kc8 19. Rxd8+ Rxd8 20. Nd5
c6 21. Ne7+ Kc7 22. Rxd8 Kxd8 23. Nf5 Nxe5 24. Nxg7 Ng4 25. f3 Nxh2 26. Kd1 Nf1
27. Ke2 Ng3+ 28. Kf2 Nh1+ 29. Kg1 Ng3 30. Kf2 Nh1+ 31. Kg1 Ng3 32. Kf2 Nh1+ 33.
Kg1 1/2-1/2

[Event "d12b"]
[Site "?"]
[Date "2020.08.30"]
[Round "10.6"]
[White "Zapalowska, Wiktoria"]
[Black "Palejko, Gabriela"]
[Result "0-1"]
[BlackElo "1196"]
[WhiteElo "1090"]
[LiveChessVersion "1.4.8"]

1. e4 {[%clk 0:03:04]} e5 {[%clk 0:03:02]} 2. Nf3 {[%clk 0:03:05]} Nc6
{[%clk 0:03:04]} 3. Bb5 {[%clk 0:03:07]} a6 {[%clk 0:03:05]} 4. Ba4
{[%clk 0:03:08]} Nf6 {[%clk 0:03:06]} 5. d3 {[%clk 0:03:09]} Be7 {[%clk 0:03:04]}
6. O-O {[%clk 0:03:10]} d6 {[%clk 0:03:05]} 7. h3 {[%clk 0:03:11]} b5
{[%clk 0:03:06]} 8. Bb3 {[%clk 0:03:12]} Na5 {[%clk 0:03:05]} 9. c3
{[%clk 0:03:13]} Nxb3 {[%clk 0:03:07]} 10. axb3 {[%clk 0:03:14]} O-O
{[%clk 0:03:05]} 11. Be3 {[%clk 0:03:14]} c5 {[%clk 0:03:06]} 12. Nbd2
{[%clk 0:03:15]} Be6 {[%clk 0:03:04]} 13. Re1 {[%clk 0:02:59]} h6
{[%clk 0:02:59]} 14. d4 {[%clk 0:02:57]} cxd4 {[%clk 0:02:43]} 15. cxd4
{[%clk 0:02:58]} Qc7 {[%clk 0:02:40]} 16. Rc1 {[%clk 0:02:52]} Qb7
{[%clk 0:02:41]} 17. dxe5 {[%clk 0:02:43]} dxe5 {[%clk 0:02:39]} 18. Kh1
{[%clk 0:02:17]} Rad8 {[%clk 0:02:25]} 19. Qc2 {[%clk 0:02:15]} Rc8
{[%clk 0:02:19]} 20. Qb1 {[%clk 0:02:04]} Qb8 {[%clk 0:02:09]} 21. Rxc8
{[%clk 0:01:54]} Rxc8 {[%clk 0:02:10]} 22. Rc1 {[%clk 0:01:54]} Qb7
{[%clk 0:01:52]} 23. Rxc8+ {[%clk 0:01:52]} Qxc8 {[%clk 0:01:53]} 24. Ne1
{[%clk 0:01:44]} Bb4 {[%clk 0:01:32]} 25. Qd3 {[%clk 0:01:12]} Qc6
{[%clk 0:01:04]} 26. f3 {[%clk 0:01:04]} Nh5 {[%clk 0:00:59]} 27. Nc2
{[%clk 0:00:42]} Be7 {[%clk 0:00:50]} 28. Qc3 {[%clk 0:00:37]} Ng3+
{[%clk 0:00:37]} 29. Kh2 {[%clk 0:00:38]} Qxc3 {[%clk 0:00:38]} 30. bxc3
{[%clk 0:00:39]} Ne2 {[%clk 0:00:38]} 31. c4 {[%clk 0:00:38]} bxc4
{[%clk 0:00:38]} 32. Nxc4 {[%clk 0:00:36]} f6 {[%clk 0:00:33]} 33. Ne1
{[%clk 0:00:31]} Nc3 {[%clk 0:00:29]} 34. Nd3 {[%clk 0:00:28]} Nb5
{[%clk 0:00:25]} 35. Nc5 {[%clk 0:00:29]} Bxc5 {[%clk 0:00:19]} 36. Bxc5
{[%clk 0:00:30]} Nd4 {[%clk 0:00:19]} 37. Bxd4 {[%clk 0:00:29]} exd4
{[%clk 0:00:20]} 38. Kg3 {[%clk 0:00:29]} Bxc4 {[%clk 0:00:17]} 39. bxc4
{[%clk 0:00:29]} a5 {[%clk 0:00:18]} 40. Kf2 {[%clk 0:00:29]} a4 {[%clk 0:00:18]}
41. c5 {[%clk 0:00:31]} Kf7 {[%clk 0:00:19]} 42. Ke2 {[%clk 0:00:32]} a3
{[%clk 0:00:18]} 43. Kd3 {[%clk 0:00:32]} a2 {[%clk 0:00:18]} 44. c6
{[%clk 0:00:33]} a1=Q {[%clk 0:00:17]} 45. c7 {[%clk 0:00:34]} Qc3+
{[%clk 0:00:18]} 46. Ke2 {[%clk 0:00:35]} Qxc7 {[%clk 0:00:19]} 47. Kd3
{[%clk 0:00:35]} Qc3+ {[%clk 0:00:20]} 48. Ke2 {[%clk 0:00:37]} Qe3+
{[%clk 0:00:21]} 49. Kf1 {[%clk 0:00:38]} d3 {[%clk 0:00:23]} 50. g4
{[%clk 0:00:34]} d2 {[%clk 0:00:24]} 51. Kg2 {[%clk 0:00:34]} d1=R
{[%clk 0:00:25]} 52. Kg3 {[%clk 0:00:34]} Rg1+ {[%clk 0:00:25]} 53. Kh2
{[%clk 0:00:35]} Qf2# {[%clk 0:00:25]} 0-1

[Event "d12b"]
[Site "?"]
[Date "2020.08.30"]
[Round "10.7"]
[White "Pniewska, Beata"]
[Black "Seemann, Pola"]
[Result "0-1"]
[BlackElo "1165"]
[WhiteElo "1169"]
[LiveChessVersion "1.4.8"]

1. e4 {[%clk 0:03:02]} e5 {[%clk 0:03:03]} 2. Nf3 {[%clk 0:03:03]} Nc6
{[%clk 0:03:04]} 3. Bc4 {[%clk 0:03:04]} Nf6 {[%clk 0:03:05]} 4. Ng5
{[%clk 0:03:05]} d5 {[%clk 0:03:06]} 5. exd5 {[%clk 0:03:06]} Nd4
{[%clk 0:03:07]} 6. c3 {[%clk 0:03:03]} b5 {[%clk 0:03:08]} 7. cxd4
{[%clk 0:03:03]} bxc4 {[%clk 0:03:09]} 8. dxe5 {[%clk 0:03:03]} Nxd5
{[%clk 0:03:10]} 9. Nf3 {[%clk 0:02:59]} Bc5 {[%clk 0:03:09]} 10. O-O
{[%clk 0:02:58]} O-O {[%clk 0:03:09]} 11. Nc3 {[%clk 0:02:53]} Nb4
{[%clk 0:03:02]} 12. a3 {[%clk 0:02:28]} Nd3 {[%clk 0:03:03]} 13. b4
{[%clk 0:02:23]} Bb6 {[%clk 0:03:03]} 14. Qe2 {[%clk 0:02:11]} Bg4
{[%clk 0:03:04]} 15. h3 {[%clk 0:01:56]} Bh5 {[%clk 0:03:05]} 16. Na4
{[%clk 0:01:48]} Re8 {[%clk 0:03:02]} 17. Nxb6 {[%clk 0:01:45]} cxb6
{[%clk 0:03:03]} 18. Qe3 {[%clk 0:01:31]} Bxf3 {[%clk 0:02:56]} 19. Qxf3
{[%clk 0:01:31]} Nxe5 {[%clk 0:02:58]} 20. Qd1 {[%clk 0:01:23]} Nd3
{[%clk 0:02:58]} 21. Rb1 {[%clk 0:01:21]} Qc7 {[%clk 0:02:52]} 22. Bb2
{[%clk 0:01:20]} Nxb2 {[%clk 0:02:51]} 23. Rxb2 {[%clk 0:01:20]} Rad8
{[%clk 0:02:51]} 24. Qc2 {[%clk 0:01:14]} Re2 {[%clk 0:02:50]} 25. Qc3
{[%clk 0:01:05]} Rd3 {[%clk 0:02:46]} 26. Qc1 {[%clk 0:00:59]} Qf4
{[%clk 0:02:45]} 27. Rc2 {[%clk 0:00:55]} b5 {[%clk 0:02:46]} 28. a4
{[%clk 0:00:54]} a6 {[%clk 0:02:36]} 29. axb5 {[%clk 0:00:55]} axb5
{[%clk 0:02:37]} 30. Ra2 {[%clk 0:00:41]} h6 {[%clk 0:02:37]} 31. Ra8+
{[%clk 0:00:41]} Kh7 {[%clk 0:02:38]} 32. Qb1 {[%clk 0:00:39]} Rexd2
{[%clk 0:02:31]} 33. Qe1 {[%clk 0:00:33]} Rd1 {[%clk 0:02:16]} 34. Qxd1
{[%clk 0:00:26]} Rxd1 {[%clk 0:02:17]} 35. Rxd1 {[%clk 0:00:27]} c3
{[%clk 0:02:17]} 36. Raa1 {[%clk 0:00:24]} Qxb4 {[%clk 0:02:14]} 37. Rac1
{[%clk 0:00:21]} Qc4 {[%clk 0:02:12]} 38. Rc2 {[%clk 0:00:16]} b4
{[%clk 0:02:13]} 39. Rdc1 {[%clk 0:00:16]} Qe4 {[%clk 0:02:06]} 40. Kh2
{[%clk 0:00:17]} Kg6 {[%clk 0:02:04]} 41. Kg3 {[%clk 0:00:17]} f5
{[%clk 0:02:01]} 42. Kh2 {[%clk 0:00:17]} Kg5 {[%clk 0:01:55]} 43. f3
{[%clk 0:00:18]} Qf4+ {[%clk 0:01:55]} 44. Kg1 {[%clk 0:00:18]} Qe3+
{[%clk 0:01:55]} 45. Kh2 {[%clk 0:00:19]} f4 {[%clk 0:01:54]} 46. Ra1
{[%clk 0:00:11]} Kh5 {[%clk 0:01:43]} 47. Ra5+ {[%clk 0:00:11]} g5
{[%clk 0:01:43]} 48. Ra1 {[%clk 0:00:11]} b3 {[%clk 0:01:43]} 49. Rac1
{[%clk 0:00:08]} b2 {[%clk 0:01:42]} 50. Rxb2 0-1

[Event "d12b"]
[Site "?"]
[Date "2020.08.30"]
[Round "11.1"]
[White "Szczotka, Klara"]
[Black "Palejko, Gabriela"]
[Result "1-0"]
[BlackElo "1196"]
[WhiteElo "1654"]
[LiveChessVersion "1.4.8"]

1. e4 {[%clk 0:03:04]} e5 {[%clk 0:03:04]} 2. Nf3 Nc6 3. Bc4 {[%clk 0:03:06]} Nf6
4. d3 Be7 {[%clk 0:03:06]} 5. c3 {[%clk 0:03:09]} O-O 6. Bb3 d6 {[%clk 0:03:07]}
7. Nbd2 {[%clk 0:03:10]} Na5 {[%clk 0:03:08]} 8. Bc2 {[%clk 0:03:11]} c5
{[%clk 0:03:09]} 9. h3 {[%clk 0:03:10]} Nc6 {[%clk 0:03:09]} 10. Nf1
{[%clk 0:03:11]} h6 {[%clk 0:03:10]} 11. Ng3 {[%clk 0:03:11]} Qc7
{[%clk 0:03:06]} 12. O-O {[%clk 0:03:06]} Be6 {[%clk 0:03:06]} 13. Qe2
{[%clk 0:03:03]} Rad8 {[%clk 0:03:03]} 14. Bd2 {[%clk 0:03:00]} Rfe8
{[%clk 0:03:04]} 15. Rad1 {[%clk 0:03:01]} b6 {[%clk 0:03:04]} 16. Rfe1
{[%clk 0:02:52]} a5 {[%clk 0:03:00]} 17. Bc1 {[%clk 0:02:36]} Qd7
{[%clk 0:02:48]} 18. d4 {[%clk 0:02:25]} exd4 {[%clk 0:02:42]} 19. cxd4
{[%clk 0:02:26]} cxd4 {[%clk 0:02:43]} 20. Nxd4 {[%clk 0:02:28]} Nb4
{[%clk 0:02:39]} 21. Bb1 {[%clk 0:02:28]} Bxa2 {[%clk 0:02:32]} 22. Bxa2
{[%clk 0:02:29]} Nxa2 {[%clk 0:02:33]} 23. Ndf5 {[%clk 0:02:11]} Nxc1
{[%clk 0:02:22]} 24. Rxc1 {[%clk 0:02:12]} Bf8 {[%clk 0:02:22]} 25. Qd3
{[%clk 0:02:10]} Rc8 {[%clk 0:02:07]} 26. Qd4 {[%clk 0:02:00]} Qd8
{[%clk 0:02:01]} 27. Rxc8 {[%clk 0:01:59]} Qxc8 {[%clk 0:02:01]} 28. Qxb6
{[%clk 0:01:59]} d5 {[%clk 0:01:56]} 29. e5 {[%clk 0:01:57]} Nd7 {[%clk 0:01:56]}
30. Qd4 {[%clk 0:01:57]} Bc5 {[%clk 0:01:52]} 31. Qxd5 {[%clk 0:01:54]} Bb4
{[%clk 0:01:50]} 32. Re2 {[%clk 0:01:40]} Nb6 {[%clk 0:01:35]} 33. Qd4
{[%clk 0:01:23]} Qb7 {[%clk 0:01:25]} 34. Qg4 {[%clk 0:01:21]} Bf8
{[%clk 0:01:13]} 35. Nxh6+ {[%clk 0:01:21]} Kh8 {[%clk 0:01:13]} 36. Nhf5
{[%clk 0:01:20]} Kg8 {[%clk 0:01:12]} 37. Nh5 {[%clk 0:01:16]} Nd7
{[%clk 0:01:08]} 38. Nhxg7 {[%clk 0:01:16]} Nf6 {[%clk 0:00:52]} 39. exf6
{[%clk 0:01:10]} Rxe2 {[%clk 0:00:50]} 40. Qxe2 {[%clk 0:01:11]} Qc7
{[%clk 0:00:42]} 41. Qd2 {[%clk 0:01:03]} Bxg7 {[%clk 0:00:39]} 42. fxg7
{[%clk 0:01:03]} Qb8 {[%clk 0:00:30]} 43. Qxa5 {[%clk 0:01:01]} Qe8
{[%clk 0:00:18]} 44. Kh2 {[%clk 0:00:55]} Qb8+ {[%clk 0:00:17]} 45. g3
{[%clk 0:00:56]} Qe8 {[%clk 0:00:16]} 46. Qd2 {[%clk 0:00:53]} Qe6
{[%clk 0:00:07]} 47. Qd8+ {[%clk 0:00:52]} Kh7 {[%clk 0:00:07]} 48. g8=Q# 1-0

[Event "d12b"]
[Site "?"]
[Date "2020.08.30"]
[Round "11.2"]
[White "Seemann, Pola"]
[Black "Salamon, Julia"]
[Result "0-1"]
[BlackElo "1156"]
[WhiteElo "1165"]
[LiveChessVersion "1.4.8"]

1. e4 {[%clk 0:03:05]} c5 {[%clk 0:03:04]} 2. Nf3 {[%clk 0:03:06]} e6
{[%clk 0:03:05]} 3. d4 {[%clk 0:03:07]} cxd4 {[%clk 0:03:06]} 4. Nxd4
{[%clk 0:03:08]} Nf6 {[%clk 0:03:07]} 5. Nc3 {[%clk 0:03:08]} Nc6
{[%clk 0:03:09]} 6. Be3 {[%clk 0:03:00]} Bb4 {[%clk 0:03:10]} 7. f3
{[%clk 0:02:56]} Qa5 {[%clk 0:03:01]} 8. Bd2 {[%clk 0:02:47]} Nxd4
{[%clk 0:03:02]} 9. a3 {[%clk 0:02:42]} Be7 {[%clk 0:02:34]} 10. e5
{[%clk 0:02:37]} Qxe5+ {[%clk 0:02:34]} 11. Be2 {[%clk 0:02:33]} Nxe2
{[%clk 0:02:25]} 12. Qxe2 {[%clk 0:02:31]} Qxe2+ {[%clk 0:02:17]} 13. Nxe2
{[%clk 0:02:32]} b6 {[%clk 0:02:13]} 14. O-O {[%clk 0:02:30]} Ba6
{[%clk 0:02:14]} 15. Rfe1 {[%clk 0:02:30]} Bxe2 {[%clk 0:02:08]} 16. Rxe2
{[%clk 0:02:31]} Rc8 {[%clk 0:02:09]} 17. c3 {[%clk 0:02:30]} O-O
{[%clk 0:02:02]} 18. Rd1 {[%clk 0:02:28]} d5 {[%clk 0:01:59]} 19. Bf4
{[%clk 0:02:19]} Rfd8 {[%clk 0:01:56]} 20. Red2 {[%clk 0:02:16]} h6
{[%clk 0:01:56]} 21. Bg3 {[%clk 0:02:15]} Bd6 {[%clk 0:01:57]} 22. Bxd6
{[%clk 0:02:13]} Rxd6 {[%clk 0:01:58]} 23. Rd3 {[%clk 0:02:08]} Nd7
{[%clk 0:01:54]} 24. b4 {[%clk 0:02:08]} Ne5 {[%clk 0:01:53]} 25. Re3
{[%clk 0:02:05]} Nc4 {[%clk 0:01:54]} 26. Re2 {[%clk 0:02:06]} Nxa3
{[%clk 0:01:53]} 27. Rc1 {[%clk 0:02:04]} Nb5 {[%clk 0:01:49]} 28. Rec2
{[%clk 0:01:58]} Rdc6 {[%clk 0:01:50]} 29. Ra1 {[%clk 0:01:46]} R6c7
{[%clk 0:01:52]} 30. Kf2 {[%clk 0:01:44]} Nxc3 {[%clk 0:01:51]} 31. Ra3
{[%clk 0:01:44]} Ne4+ {[%clk 0:01:50]} 32. fxe4 {[%clk 0:01:41]} Rxc2+
{[%clk 0:01:51]} 33. Kg3 {[%clk 0:01:41]} R2c3+ {[%clk 0:01:52]} 34. Rxc3
{[%clk 0:01:42]} Rxc3+ {[%clk 0:01:53]} 35. Kf4 {[%clk 0:01:42]} Rc4
{[%clk 0:01:54]} 36. Kf3 {[%clk 0:01:42]} Rxe4 {[%clk 0:01:54]} 37. Kf2
{[%clk 0:01:41]} d4 {[%clk 0:01:53]} 38. Kf3 {[%clk 0:01:38]} f5 {[%clk 0:01:54]}
39. Kf2 {[%clk 0:01:37]} d3 {[%clk 0:01:55]} 40. Kf1 {[%clk 0:01:36]} d2
{[%clk 0:01:56]} 41. Kf2 {[%clk 0:01:37]} d1=Q {[%clk 0:01:52]} 0-1

[Event "d12b"]
[Site "?"]
[Date "2020.08.30"]
[Round "11.3"]
[White "Ziobrowska, Maja"]
[Black "Wojs, Alicja"]
[Result "1-0"]
[BlackElo "1285"]
[WhiteElo "1266"]
[LiveChessVersion "1.4.8"]

1. e4 {[%clk 0:03:03]} e6 {[%clk 0:03:04]} 2. d4 {[%clk 0:03:04]} d5
{[%clk 0:03:05]} 3. exd5 {[%clk 0:03:04]} exd5 {[%clk 0:03:06]} 4. c4
{[%clk 0:03:05]} Nc6 {[%clk 0:03:05]} 5. Nf3 {[%clk 0:03:04]} Nf6
{[%clk 0:03:06]} 6. Nc3 {[%clk 0:03:05]} Bg4 {[%clk 0:03:01]} 7. Bg5
{[%clk 0:02:55]} dxc4 {[%clk 0:02:48]} 8. Bxc4 {[%clk 0:02:49]} Be7
{[%clk 0:02:49]} 9. Be3 {[%clk 0:02:03]} O-O {[%clk 0:02:46]} 10. O-O
{[%clk 0:02:04]} Bd6 {[%clk 0:02:40]} 11. h3 {[%clk 0:02:03]} Bh5
{[%clk 0:02:41]} 12. Rc1 {[%clk 0:02:00]} Re8 {[%clk 0:02:40]} 13. Bg5
{[%clk 0:01:58]} Be7 {[%clk 0:02:41]} 14. Be3 {[%clk 0:01:53]} h6
{[%clk 0:02:41]} 15. d5 {[%clk 0:01:49]} Ne5 {[%clk 0:02:36]} 16. Be2
{[%clk 0:01:49]} Nxf3+ {[%clk 0:02:26]} 17. Bxf3 {[%clk 0:01:50]} Bxf3
{[%clk 0:02:27]} 18. Qxf3 {[%clk 0:01:50]} Bd6 {[%clk 0:02:27]} 19. Rfd1
{[%clk 0:01:46]} Qd7 {[%clk 0:02:28]} 20. Bf4 {[%clk 0:01:43]} Bxf4
{[%clk 0:02:21]} 21. Qxf4 {[%clk 0:01:44]} Rad8 {[%clk 0:02:18]} 22. Re1
{[%clk 0:01:35]} Rxe1+ {[%clk 0:01:53]} 23. Rxe1 {[%clk 0:01:36]} Nxd5
{[%clk 0:01:54]} 24. Nxd5 {[%clk 0:01:37]} Qxd5 {[%clk 0:01:55]} 25. Qxc7
{[%clk 0:01:38]} Qd2 {[%clk 0:01:54]} 26. Re7 {[%clk 0:01:31]} Qd1+
{[%clk 0:01:42]} 27. Kh2 {[%clk 0:01:32]} Qd6+ {[%clk 0:01:43]} 28. Qxd6
{[%clk 0:01:29]} Rxd6 {[%clk 0:01:44]} 29. Rxb7 {[%clk 0:01:30]} Rd2
{[%clk 0:01:45]} 30. Kg3 {[%clk 0:01:31]} Kf8 {[%clk 0:01:46]} 31. f3
{[%clk 0:01:24]} a6 {[%clk 0:01:46]} 32. a3 {[%clk 0:01:21]} g6 {[%clk 0:01:46]}
33. b4 {[%clk 0:01:10]} Rd3 {[%clk 0:01:44]} 34. a4 {[%clk 0:01:11]} Rd4
{[%clk 0:01:46]} 35. a5 {[%clk 0:01:06]} Kg7 {[%clk 0:01:46]} 36. Rb6
{[%clk 0:01:07]} Kf8 {[%clk 0:01:44]} 37. Rxa6 {[%clk 0:01:00]} Rxb4
{[%clk 0:01:45]} 38. Rb6 {[%clk 0:01:01]} Ra4 {[%clk 0:01:46]} 39. a6
{[%clk 0:01:02]} h5 {[%clk 0:01:45]} 40. Rb8+ {[%clk 0:01:00]} Ke7
{[%clk 0:01:46]} 41. Rb7+ {[%clk 0:01:01]} Ke6 {[%clk 0:01:48]} 42. a7
{[%clk 0:01:02]} Kf6 {[%clk 0:01:40]} 43. f4 {[%clk 0:00:47]} Ra3+
{[%clk 0:01:41]} 44. Kf2 {[%clk 0:00:48]} Kg7 {[%clk 0:01:41]} 45. g4
{[%clk 0:00:47]} hxg4 {[%clk 0:01:41]} 46. hxg4 {[%clk 0:00:48]} Kf6
{[%clk 0:01:42]} 47. g5+ {[%clk 0:00:44]} Kg7 {[%clk 0:01:42]} 48. Ke2
{[%clk 0:00:44]} Kh7 {[%clk 0:01:39]} 49. Rxf7+ {[%clk 0:00:44]} Kg8
{[%clk 0:01:40]} 50. Rb7 {[%clk 0:00:44]} Ra2+ {[%clk 0:01:38]} 51. Kd3
{[%clk 0:00:45]} Ra3+ {[%clk 0:01:40]} 52. Kc4 {[%clk 0:00:45]} Ra4+
{[%clk 0:01:40]} 53. Kb5 {[%clk 0:00:46]} 1-0